Windows versions - Statistics

General Stats
  • This quiz has been taken 147 times
  • The average score is 12 of 13
Answer Stats
Clue Version % Correct
First Windows version. Windows 1.0
98%
Most used. Windows 10
98%
Latest windows version (As of 2025). Windows 11
98%
Praised for stability. Windows 7
93%
Considered a "flop". Windows 8
93%
Known for it's iconic background. Windows XP
93%
Also known as windows Longhorn. Windows Vista
92%
Has the last 2 digits of the year in it's name. Windows 98
91%
Released in 1987. Windows 2.0
90%
First to use the Internet Explorer browser. Windows 95
83%
Most hated version. Windows 2000
81%
First Version to have solitaire as a feature. Windows 3.0
74%
"Millennium edition". Windows Me
66%
No matching quizzes found
Score Distribution
Percent of People with Each Score
Percentile by Number Answered
Your Score History
You have not taken this quiz